Handbook of Catholic Social Teaching : A Guide for Christians in the World Today /
"An introductory summary to Catholic social teaching on topics like morality, economics, politics, and society, presented in question and answer format. Chapters and special topics are written by varied contributors; each quotes copiously from papal and other Church documents. Includes bibliogr...
| Otros Autores: | |
|---|---|
| Formato: | Electrónico eBook |
| Idioma: | Inglés Italiano |
| Publicado: |
Washington, DC :
Catholic University of America Press,
2017.
|
| Colección: | Book collections on Project MUSE.
|
| Temas: | |
| Acceso en línea: | Texto completo |
MARC
| LEADER | 00000cam a22000004a 4500 | ||
|---|---|---|---|
| 001 | musev2_51749 | ||
| 003 | MdBmJHUP | ||
| 005 | 20230905045522.0 | ||
| 006 | m o d | ||
| 007 | cr||||||||nn|n | ||
| 008 | 161129s2017 dcu o 00 0 eng d | ||
| 020 | |a 9780813229331 | ||
| 020 | |z 9780813229324 | ||
| 035 | |a (OCoLC)982239651 | ||
| 040 | |a MdBmJHUP |c MdBmJHUP | ||
| 041 | 1 | |a eng |h ita | |
| 245 | 0 | 0 | |a Handbook of Catholic Social Teaching : |b A Guide for Christians in the World Today / |c edited by Martin Schlag ; foreword by Peter Cardinal K.A. Turkson. |
| 264 | 1 | |a Washington, DC : |b Catholic University of America Press, |c 2017. | |
| 264 | 3 | |a Baltimore, Md. : |b Project MUSE, |c 2017 | |
| 264 | 4 | |c ©2017. | |
| 300 | |a 1 online resource (180 pages). | ||
| 336 | |a text |b txt |2 rdacontent | ||
| 337 | |a computer |b c |2 rdamedia | ||
| 338 | |a online resource |b cr |2 rdacarrier | ||
| 505 | 0 | |a Charity: the heart of Catholic social teaching -- What is Catholic social teaching in the mission of the church? -- The dignity of the human person as the core and foundation of Catholic social teaching -- The principles of Catholic social teaching -- Life and love: the gospel of the family -- Human work, labor, and workers' rights -- Economic life: development, prosperity, and justice for all -- Political life: peace, freedom, and justice for all -- The family of nations -- Safeguarding the environment -- The promotion of just peace -- Transforming the culture | |
| 520 | |a "An introductory summary to Catholic social teaching on topics like morality, economics, politics, and society, presented in question and answer format. Chapters and special topics are written by varied contributors; each quotes copiously from papal and other Church documents. Includes bibliography and index"-- |c Provided by publisher. | ||
| 588 | |a Description based on print version record. | ||
| 650 | 7 | |a Christian sociology |x Catholic Church. |2 fast |0 (OCoLC)fst00859533 | |
| 650 | 7 | |a RELIGION |x Christianity |x General. |2 bisacsh | |
| 650 | 7 | |a RELIGION |x Christian Life |x Social Issues. |2 bisacsh | |
| 650 | 6 | |a Doctrine sociale de l'Église |x Miscellanees. | |
| 650 | 0 | |a Christian sociology |x Catholic Church |x Miscellanea. | |
| 655 | 7 | |a Trivia and miscellanea. |2 fast |0 (OCoLC)fst01921748 | |
| 655 | 7 | |a Electronic books. |2 local | |
| 700 | 1 | |a Schlag, Martin, |d 1964- |e editor. | |
| 710 | 2 | |a Project Muse. |e distributor | |
| 830 | 0 | |a Book collections on Project MUSE. | |
| 856 | 4 | 0 | |z Texto completo |u https://projectmuse.uam.elogim.com/book/51749/ |
| 945 | |a Project MUSE - Custom Collection | ||
| 945 | |a Project MUSE - 2017 Complete | ||
| 945 | |a Project MUSE - 2017 Philosophy and Religion | ||


